Normal view
MARC view
- Química
Entry Materia
001 - NÚMERO DE CONTROL DEL REGISTRO
- campo de control: 7245
003 - IDENTIFICADOR DE NUMERO DE CONTROL
- campo de control: MX-MxUPN
005 - FECHA Y HORA DE LA ÚLTIMA TRANSACCIÓN
- campo de control: 20260331121212.0
008 - DATOS DE LONGITUD FIJA
- campo de control de longitud fija: 260331n||acnnnbabn | ana |d
035 ## - NÚMERO DE CONTROL DEL SISTEMA
- Número de control del sistema: UPN10000007249
040 ## - FUENTE DE LA CATALOGACIÓN
- Centro catalogador de origen: MX-MxUPN
- Lengua de catalogación: spa
- Agencia de transcripción: MX-MxUPN
150 ## - ENCABEZAMIENTO - TEMÁTICO
- Término de materia o nombre geográfico como elemento inicial: Química
- Subdivisión de materia general: Estudio y enseñanza (Superior)
670 ## - FUENTE EN LA QUE SE LOCALIZARON DATOS
- Cita de la fuente: E/P
670 ## - FUENTE EN LA QUE SE LOCALIZARON DATOS
- Cita de la fuente: Autoridades BGTQ, 31 marzo 2026 :
- Enlace: (Química -- Estudio y enseñanza)
902 ## - CATALOGADOR
- Catalogador: MCM/081297
- Catalogador: JohanaAllegre/310326
